| 000 | 00477nam a2200181Ia 4500 | ||
|---|---|---|---|
| 001 | 2499 | ||
| 005 | 20260306144811.0 | ||
| 008 | 260306t2014||||xx |||||||||||||| ||spa|| | ||
| 041 | _aESP | ||
| 082 |
_a616.8914 _bA44 |
||
| 100 |
_aAlmada, Roberto _eAUT |
||
| 245 | 0 |
_aEl cansancio de los buenos: _bla logoterapia como alternativa al desgaste profesional |
|
| 260 | _c2014 | ||
| 300 |
_a190 páginas : _c20 cm. |
||
| 650 | _aGEN | ||
| 654 | _aCPS | ||
| 942 |
_cLIB _dJUS _fJUS _2ddc _n |
||
| 999 |
_c2499 _d2499 |
||